Pays du monde par ordre alphabétique - Statistiques

Statistiques générales
  • Ce quiz a été pris 128 fois
    98 depuis la dernière actualisation
  • Le résultat moyen est 63 sur 196
Réponses sur la Carte
Les réponses sont colorées sur une échelle allant du rouge au vert en fonction du pourcentage des utilisateurs qui les ont devinées à leur premier essai. Vous pouvez retrouver ces pourcentages ci-dessous.
 
Statistiques - réponses
PAYS % Correct
Afghanistan
93%
Afrique du Sud
78%
Albanie
74%
Algérie
72%
Azerbaïdjan
72%
Angola
67%
Allemagne
65%
Andorre
65%
Australie
65%
Antigua-et-Barbuda
63%
Argentine
59%
Arménie
59%
Bahamas
59%
Bangladesh
59%
Autriche
57%
Arabie Saoudite
54%
Bénin
54%
Birmanie
52%
Bhoutan
50%
Biélorussie
50%
Bahreïn
48%
Bolivie
48%
Canada
48%
Danemark
48%
Djibouti
48%
Barbade
46%
Belize
46%
Botswana
46%
Brésil
46%
France
46%
Uruguay
46%
Vatican
46%
Yémen
46%
Zambie
46%
Zimbabwe
46%
Belgique
43%
Burkina Faso
43%
Cambodge
43%
Cameroun
43%
Finlande
43%
Gabon
43%
Honduras
43%
Koweït
43%
Venezuela
43%
Burundi
41%
Chine
39%
Éthiopie
39%
Guinée
39%
Kazakhstan
39%
Kosovo
39%
Oman
39%
Ukraine
39%
Vanuatu
39%
Bosnie-Herzégovine
37%
Bulgarie
37%
Chili
37%
Chypre
37%
Cuba
37%
Dominique
37%
Gambie
37%
Haïti
37%
Hongrie
37%
Japon
37%
Laos
37%
Ouganda
37%
Ouzbékistan
37%
Qatar
37%
Comores
35%
Égypte
35%
Érythrée
35%
Espagne
35%
Estonie
35%
Eswatini
35%
Guinée-Bissau
35%
Guyana
35%
Islande
35%
Jamaïque
35%
Jordanie
35%
Kenya
35%
Kirghizistan
35%
Kiribati
35%
Russie
35%
Viêt Nam
35%
Cap Vert
33%
Colombie
33%
États-Unis
33%
Géorgie
33%
Ghana
33%
Grèce
33%
Guatemala
33%
Guinée Équatoriale
33%
Inde
33%
Indonésie
33%
Irak
33%
Iran
33%
Irlande
33%
Italie
33%
Bruneï
30%
Costa Rica
30%
Côte d'Ivoire
30%
Croatie
30%
Émirats Arabes Unis
30%
Libéria
30%
Paraguay
30%
Rwanda
30%
Corée du Nord
28%
Corée du Sud
28%
Equateur
28%
Grenade
28%
Madagascar
28%
Niger
28%
Palaos
28%
Tadjikistan
28%
Thaïlande
28%
Israël
26%
Liban
26%
Lituanie
26%
Namibie
26%
Nauru
26%
Népal
26%
Nigeria
26%
Pakistan
26%
Tanzanie
26%
Turkménistan
26%
Turquie
26%
Mexique
24%
Norvège
24%
Nouvelle Zélande
24%
Panama
24%
Pérou
24%
Philippines
24%
Portugal
24%
Saint-Christophe-et-Niévès
24%
Sainte-Lucie
24%
Saint-Marin
24%
Saint-Vincent-et-les-Grenadines
24%
Lesotho
22%
Lettonie
22%
Libye
22%
Liechtenstein
22%
Luxembourg
22%
Mali
22%
Mauritanie
22%
Papouasie-Nouvelle-Guinée
22%
République Démocratique du Congo
22%
République du Congo
22%
Roumanie
22%
Royaume-Uni
22%
Togo
22%
Tuvalu
22%
Îles Marshall
20%
Malawi
20%
Maldives
20%
Maroc
20%
Monaco
20%
Mozambique
20%
Nicaragua
20%
Pologne
20%
République Centrafricaine
20%
République Dominicaine
20%
République Tchèque
20%
Suriname
20%
Taïwan
20%
Tchad
20%
Timor Oriental
20%
Macédoine du Nord
17%
Malaisie
17%
Malte
17%
Moldavie
17%
Samoa
17%
Sao Tomé-et-Principe
17%
Serbie
17%
Soudan
17%
Syrie
17%
Tonga
17%
Tunisie
17%
Île Maurice
15%
Mongolie
15%
Monténégro
15%
Pays-Bas
15%
Seychelles
15%
Slovaquie
15%
Slovénie
15%
Somalie
15%
Soudan du Sud
15%
Suède
15%
Suisse
15%
Trinité-et-Tobago
15%
Îles Salomon
13%
Salvador
13%
Micronésie
11%
Sénégal
11%
Sierra Leone
11%
Singapour
11%
Sri Lanka
11%
Fidji
9%
Aucun quiz correspondant
Distribution des résultats
% des personnes avec chaque résultat
Percentile par nombre de réponses
Votre historique - résultats
Vous n’avez pas pris ce quiz depuis la dernière actualisation